Ako investovať do striebra?

Poukázanie na možnosti investovania do striebra: futures kontrakty, podielové fondy, akcie firiem, ktoré ťažia striebro; historické, pamätné, investičné strieborné mince a investičné strieborné odliatky.

Enregistré dans:
Détails bibliographiques
Auteur principal: Kmeťko, Miroslav, 1969-
Format: Chapitre de livre
Langue:slovaque
Sujets:
Tags: Ajouter un tag
Pas de tags, Soyez le premier à ajouter un tag!

MARC

LEADER 00000nla a2200000 4500
001 0240370
005 20240502073914.8
041 0 |a slo 
044 |a SK 
245 1 0 |a Ako investovať do striebra?  |c Miroslav Kmeťko 
520 |a Poukázanie na možnosti investovania do striebra: futures kontrakty, podielové fondy, akcie firiem, ktoré ťažia striebro; historické, pamätné, investičné strieborné mince a investičné strieborné odliatky. 
610 2 0 |a investovanie 
610 2 0 |a investície 
610 2 0 |a kovy drahé 
610 2 0 |a striebro 
610 2 0 |a mince 
610 2 0 |a fondy podielové 
100 1 |a Kmeťko, Miroslav, 1969-